The stranger in the lifeboat / (Record no. 8983)
[ view plain ]
| 000 -LEADER | |
|---|---|
| fixed length control field | 00731pam a22002171i 4500 |
| 001 - CONTROL NUMBER | |
| control field | eld020323190 |
| 003 - CONTROL NUMBER IDENTIFIER | |
| control field | Uk |
| 005 - DATE AND TIME OF LATEST TRANSACTION | |
| control field | 20230301163249.0 |
| 008 - FIXED-LENGTH DATA ELEMENTS--GENERAL INFORMATION | |
| fixed length control field | 210701s2021 enk o 000|f|eng|d |
| 020 ## - INTERNATIONAL STANDARD BOOK NUMBER | |
| International Standard Book Number | 9780751584547 |
| International Standard Book Number | 978-0-7515-8453-0 |
| 082 04 - DEWEY DECIMAL CLASSIFICATION NUMBER | |
| Classification number | 813.54 |
| 100 1# - MAIN ENTRY--PERSONAL NAME | |
| Personal name | Albom, Mitch, |
| Dates associated with a name | 1958- |
| Relator term | author. |
| 245 14 - TITLE STATEMENT | |
| Title | The stranger in the lifeboat / |
| Statement of responsibility, etc. | Mitch Albom. |
| 264 #1 - PRODUCTION, PUBLICATION, DISTRIBUTION, MANUFACTURE, AND COPYRIGHT NOTICE | |
| Place of production, publication, distribution, manufacture | London : |
| Name of producer, publisher, distributor, manufacturer | Sphere, |
| Date of production, publication, distribution, manufacture, or copyright notice | 2021. |
| 300 ## - PHYSICAL DESCRIPTION | |
| Extent | 271 p. |
| Type of unit | 23 cm. |
| 650 #7 - SUBJECT ADDED ENTRY--TOPICAL TERM | |
| Topical term or geographic name entry element | Religious & spiritual fiction. |
| Source of heading or term | bicssc. |
| 942 ## - ADDED ENTRY ELEMENTS (KOHA) | |
| Source of classification or shelving scheme | Dewey Decimal Classification |
| Koha item type | Main |
| 956 42 - LOCAL ELECTRONIC LOCATION AND ACCESS (OCLC) | |
| Uniform Resource Identifier | <a href="http://library.catalogue.tcd.ie/acquire?eld020323190">http://library.catalogue.tcd.ie/acquire?eld020323190</a> |
| Link text | Reader Recommendation: ask the Library to purchase a print copy of this title |
| Withdrawn status | Lost status | Source of classification or shelving scheme | Damaged status | Not for loan | Collection code | Home library | Current library | Shelving location | Date acquired | Serial Enumeration / chronology | Total Checkouts | Total Renewals | Full call number | Barcode | Checked out | Date last seen | Date last checked out | Price effective from | Koha item type |
|---|---|---|---|---|---|---|---|---|---|---|---|---|---|---|---|---|---|---|---|
| Dewey Decimal Classification | Fiction | RTC Library | RTC Library | Fiction | 01/06/2022 | 16419 | 8 | 7 | FIC 813.6 ALB 2021 | 30015229 | 16/05/2026 | 16/04/2026 | 16/04/2026 | 01/06/2022 | Fiction | ||||
| Dewey Decimal Classification | Fiction | RTC Library | RTC Library | Fiction | 01/03/2023 | 177046 | 7 | 5 | FIC 813.54 ALB | 30018619 | 09/04/2025 | 25/03/2025 | 01/03/2023 | Fiction |